Music Quiz

Random Music or Disney Quiz

Artists and Hannah Montana episodes (Season 1) Quiz Stats

 Plays Quiz not verified by Sporcle

Challenge
Share
Tweet
Embed
Score 0/26 Timer 12:00
0 Plays Today
Episode Title Artist % Correct
The Idol Side of MeHannah Montana
76.1%
Lilly, Do You Want to Know a Secret?The Beatles
50%
Debt It BeThe Beatles
50%
Oops! I Meddled AgainBritney Spears
37.5%
Smells Like Teen SelloutNirvana
37.5%
You're So Vain, You Probably Think This Zit Is About YouCarly Simon
20.5%
Bad Moose RisingCreedence Clearwater Revival
18.2%
We Are Family: Now Get Me Some Water!Sister Sledge
13.6%
On the Road AgainWillie Nelson
12.5%
Ooh, Ooh, Itchy WomanThe Eagles
11.4%
O Say, Can You Remember the Words?Francis Scott Key
11.4%
New Kid in SchoolThe Eagles
11.4%
Good Golly, Miss DollyLittle Richard
11.4%
Episode Title Artist % Correct
She's a Super SneakRick James
10.2%
It's a Mannequin's WorldJames Brown
9.1%
Money for Nothing, Guilt for FreeDire Straits
9.1%
I Can't Make You Love Hannah if You Don'tBonnie Raitt
6.8%
More Than a Zombie to MeBee Gees
6.8%
My Boyfriend's Jackson and There's Gonna Be TroubleThe Angels
6.8%
It's My Party, and I'll Lie if I Want ToLesley Gore
4.5%
Grandmas Don't Let Your Babies Grow Up to Play FavoritesWaylon Jennings
3.4%
Mascot LoveTennille
3.4%
Torn Between Two HannahsMary MacGregor
3.4%
Miley Get Your GumSqueeze
2.3%
People Who Use PeopleFunny Girl
2.3%
Schooly BullySam the Sham & the Pharaohs
2.3%

You're not logged in!

Compare scores with friends on all Sporcle quizzes.
OR
Log In

You Might Also Like...

Show Comments

Extras

Top Quizzes Today


Score Distribution

Your Account Isn't Verified!

In order to create a playlist on Sporcle, you need to verify the email address you used during registration. Go to your Sporcle Settings to finish the process.

Report this User

Report this user for behavior that violates our Community Guidelines.

Details: